शैलीविज्ञान और भारतीय काव्यशास्त्र : तुलनात्मक विमर्श / (Record no. 118924)

MARC details
000 -LEADER
fixed length control field 01235nam a22002537a 4500
005 - DATE AND TIME OF LATEST TRANSACTION
control field 20170124103123.0
010 ## - LIBRARY OF CONGRESS CONTROL NUMBER
LC control number B-081614
020 ## - INTERNATIONAL STANDARD BOOK NUMBER
Terms of availability 250.00
International Standard Book Number 8180180263
035 ## - SYSTEM CONTROL NUMBER
System control number B-081614
037 ## - SOURCE OF ACQUISITION
Source of stock number/acquisition Cen Lib/Ret
040 ## - CATALOGING SOURCE
Original cataloging agency DPL
Language of cataloging HN
082 ## - DEWEY DECIMAL CLASSIFICATION NUMBER
Classification number 820.8
Item number पाण्डेय
100 ## - MAIN ENTRY--PERSONAL NAME
Personal name पाण्डेय, शशिभूषण
9 (RLIN) 42466
245 ## - TITLE STATEMENT
Title शैलीविज्ञान और भारतीय काव्यशास्त्र : तुलनात्मक विमर्श /
Statement of responsibility, etc पाण्डेय शशिभूषण
246 ## - VARYING FORM OF TITLE
Title proper/short title Shailivigyan aur bhartiya kavyashastra : tulnatmak vimarsh
Remainder of title by Pandey Shashi Bhushan
260 ## - PUBLICATION, DISTRIBUTION, ETC. (IMPRINT)
Place of publication, distribution, etc जयपुर
Name of publisher, distributor, etc नेशनल पब्लिशिंग हाउस
Date of publication, distribution, etc 2004
270 ## - ADDRESS
Address 337-चौड़ा रास्ता
City जयपुर
Postal code 302003
300 ## - PHYSICAL DESCRIPTION
Extent xx,236पृष्ठ.
Dimensions 21सेमी(सजिल्द)
650 ## - SUBJECT ADDED ENTRY--TOPICAL TERM
Topical term or geographic name as entry element हिंदी साहित्य
9 (RLIN) 82541
650 ## - SUBJECT ADDED ENTRY--TOPICAL TERM
Topical term or geographic name as entry element शैलीविज्ञान अलंकार सिद्धांत
9 (RLIN) 82542
650 ## - SUBJECT ADDED ENTRY--TOPICAL TERM
Topical term or geographic name as entry element Hindi literature
9 (RLIN) 82543
650 ## - SUBJECT ADDED ENTRY--TOPICAL TERM
Topical term or geographic name as entry element Stylistics theory decking
9 (RLIN) 82544
942 ## - ADDED ENTRY ELEMENTS (KOHA)
Source of classification or shelving scheme Dewey Decimal Classification
Koha item type Hindi Books
Classification part 820.8
Call number suffix पाण्डेय
Holdings
Withdrawn status Lost status Damaged status Not for loan Home library Current library Date acquired Source of acquisition Cost, normal purchase price Total Checkouts Full call number Barcode Date last seen Date checked out Copy number Cost, replacement price Price effective from Koha item type
        Central Library Central Library 14/09/2015 Cen Lib/Ret 250.00 1 820.8 पाण्डेय B-081614 05/05/2017 22/04/2017 1 250.00 14/09/2015 Hindi Books

© Delhi Public Library
Hit Counter
free hit counter